Famous TV Cameos Quiz Stats

Quiz Updated Mar 2, 2016

Challenge
Share
Tweet
Score 0/20 Timer 07:00
0 Plays Today
% Correct
SpongeBob SquarePants
98.5%
The Big Bang Theory
97.6%
How I Met Your Mother
97.3%
Family Guy
95.7%
Friends
95.1%
Futurama
91.9%
The Simpsons
91.1%
Scrubs
85.5%
Modern Family
82%
New Girl
80.6%
% Correct
30 Rock
59.3%
Entourage
58.8%
Supernatural
53.8%
CSI: Crime Scene Investigation
50.9%
Empire
49.2%
iCarly
48.5%
Community
46.8%
Psych
35.4%
Extras
28.8%
The X-Files
10.5%

You're not logged in!

Compare scores with friends on all Sporcle quizzes.
Join for Free
OR
Log In

You Might Also Like...

Show Comments

Extras

Top Quizzes Today


Score Distribution

Your Account Isn't Verified!

In order to create a playlist on Sporcle, you need to verify the email address you used during registration. Go to your Sporcle Settings to finish the process.

Report this User

Report this user for behavior that violates our Community Guidelines.

Details: